000 00722nam0a22002291 4500
001 rc\1078393
005 20250622135903.0
035 _a(NLR Aleph) 006327047
090 _a7505779
_c7505779
100 _a20041126d1984 |||y0rusy50 ca
101 0 _arus
102 _aRU
105 _ay |||||||||
200 1 _aРоль педагогов профтехучилищ в формировании личности будущих молодых рабочих
210 _aФрунзе
_cМектеп
_d1984
215 _a135 с.
_d21
700 1 _aСейтешев
_bА.П.
_f1929-
_gАжес Петрович
801 0 _aRU
_bNLR
_gpsbo
801 1 _aRU
_bELAR
_2rusmarc
852 _aNLR
_j84-5/3824
942 _cBOOK
980 _aNB